[Event "Reykjavik Open 2026"]
[Site "Reykjavik ISL"]
[Date "2026.03.26"]
[Round "2.39"]
[White "Burg, Brent"]
[Black "Sayce, Hannah"]
[Result "0-1"]
[BlackTitle "WCM"]
[WhiteElo "2169"]
[BlackElo "1889"]
[WhiteFideId "1019465"]
[BlackFideId "3250695"]
[EventDate "2026.03.25"]

1. e4 c5 2. b4 cxb4 3. a3 e5 4. Nf3 Nc6 5. Bc4 Nf6 6. O-O Nxe4 7. Re1 d5 8. Bb5
Qb6 9. Qe2 Bc5 10. d4 Bxd4 11. Nxd4 Qxd4 12. c3 Qb6 13. Be3 Qc7 14. f3 Nxc3 15.
Nxc3 bxc3 16. Bc5 Be6 17. Rac1 d4 18. f4 O-O-O 19. fxe5 Rd5 20. Bd6 Qb6 21. Bd3
Rxd6 22. exd6 Qc5 23. Rb1 Rd8 24. Rb5 Qxd6 25. Reb1 Rd7 26. Qe4 Bd5 27. Qxh7 g6
28. Qh8+ Rd8 29. Qh3+ Qe6 30. Qxe6+ fxe6 31. Rxb7 Ne5 32. Rb8+ Kc7 33. Rxd8 Nxd3
34. Rf8 c2 35. Rf7+ Kd6 36. Ra1 c1=Q+ 37. Rxc1 Nxc1 38. Rxa7 d3 0-1

[Event "Reykjavik Open 2026"]
[Site "Reykjavik ISL"]
[Date "2026.03.26"]
[Round "2.40"]
[White "Andresson, Bernardo Tino"]
[Black "Kadovic, Tamara"]
[Result "0-1"]
[WhiteElo "1888"]
[BlackElo "1602"]
[WhiteFideId "1483943"]
[BlackFideId "16512065"]
[EventDate "2026.03.25"]

1. d4 Nf6 2. Nc3 d5 3. Bf4 g6 4. Qd3 Bg7 5. Nf3 O-O 6. O-O-O Bf5 7. Qb5 b6 8.
Ne5 a6 9. Qa4 Nbd7 10. Nc6 Qe8 11. e3 e5 12. Bxe5 Nxe5 13. dxe5 b5 14. Bxb5 axb5
15. Qxb5 Bd7 16. exf6 Bxc6 17. Qc5 Bxf6 18. Nxd5 Bxd5 19. Qxd5 Rd8 20. Qf3 Rxd1+
21. Rxd1 Qe5 22. c3 Bg7 23. g3 Qa5 24. Kb1 Rb8 25. Ka1 Bxc3 26. Rb1 Bxb2+ 27.
Rxb2 Qe1+ 0-1

[Event "Reykjavik Open 2026"]
[Site "Reykjavik ISL"]
[Date "2026.03.26"]
[Round "2.41"]
[White "Vemparala, Nikash"]
[Black "Williams, Simon K"]
[Result "0-1"]
[WhiteTitle "CM"]
[BlackTitle "GM"]
[WhiteElo "2201"]
[BlackElo "2443"]
[WhiteFideId "30960967"]
[BlackFideId "404454"]
[EventDate "2026.03.25"]

1. c4 e6 2. g3 d5 3. Bg2 Nf6 4. Nf3 Be7 5. O-O Nc6 6. cxd5 exd5 7. d3 O-O 8. b3
Bf5 9. Bb2 Qd7 10. Nbd2 Bh3 11. Rc1 Bxg2 12. Kxg2 Rad8 13. Ne5 Nxe5 14. Bxe5 c6
15. Bxf6 Bxf6 16. Qc2 Rfe8 17. e3 h5 18. h4 Qg4 19. Nf3 Be7 20. e4 Bb4 21. e5 f6
22. exf6 gxf6 23. a3 Bd6 24. Rce1 Kf7 25. d4 Qg6 26. Qxg6+ Kxg6 27. a4 Bb4 28.
Re3 Re4 29. Rd1 Rde8 30. Rdd3 Kf5 31. Kf1 Rxe3 32. Rxe3 Rxe3 33. fxe3 Bd6 34.
Kf2 Kg4 35. Nh2+ Kh3 36. Nf1 f5 37. Kf3 a5 38. Kf2 Bb4 39. Kf3 Be1 40. Kf4 Kg2
41. e4 fxe4 42. Ne3+ Kf2 0-1

[Event "Reykjavik Open 2026"]
[Site "Reykjavik ISL"]
[Date "2026.03.26"]
[Round "2.42"]
[White "Akason, Aevar"]
[Black "Perchard, Matthew"]
[Result "0-1"]
[WhiteElo "1557"]
[BlackElo "1787"]
[WhiteFideId "2307090"]
[BlackFideId "343404235"]
[EventDate "2026.03.25"]

1. d4 d5 2. c4 e6 3. Nf3 Nf6 4. cxd5 exd5 5. a3 Bf5 6. Nc3 Be7 7. e3 c6 8. Bd3
Bxd3 9. Qxd3 Nbd7 10. b4 a5 11. b5 c5 12. dxc5 Nxc5 13. Qd1 O-O 14. a4 Nce4 15.
Nxe4 dxe4 16. Qxd8 Raxd8 17. Nd4 Nd5 18. O-O Rc8 19. Bd2 Bb4 20. Bxb4 Nxb4 21.
Nb3 b6 22. Rac1 Nd3 23. Rc6 Rxc6 24. bxc6 Rc8 25. Nd4 Kf8 26. Rb1 Nb4 27. Rc1
Nd3 28. Rb1 Nb4 29. Rc1 Rc7 30. Kf1 g6 31. Ke2 Ke7 32. f3 f5 33. Kd2 Kf6 34.
fxe4 fxe4 35. g4 Ke5 36. Rf1 Nxc6 37. Rc1 Kd5 38. Nb5 Rc8 39. Rc4 Kxc4 40. Nd6+
Kb4 41. Nxc8 Kxa4 42. Nxb6+ Kb3 43. Nd7 Kc4 44. Nf6 Ne5 45. Nxe4 Nxg4 46. h3 Ne5
47. Nc3 Kb3 48. Nb5 a4 49. e4 Kb4 50. Nd4 Kc4 51. Nc2 g5 52. Na3+ Kd4 53. Nb1
Nc4+ 54. Ke2 a3 55. Nxa3 Nxa3 56. Kf3 h5 57. h4 g4+ 58. Kf4 Nc4 0-1

[Event "Reykjavik Open 2026"]
[Site "Reykjavik ISL"]
[Date "2026.03.26"]
[Round "2.43"]
[White "Van Zeebroeck, Sam"]
[Black "Griffith, Kyron"]
[Result "0-1"]
[BlackTitle "IM"]
[WhiteElo "1978"]
[BlackElo "2415"]
[WhiteFideId "231924"]
[BlackFideId "2046318"]
[EventDate "2026.03.25"]

1. e4 c5 2. b3 e6 3. Bb2 Nc6 4. Nc3 a6 5. f4 d5 6. exd5 exd5 7. Qe2+ Nge7 8.
O-O-O Nd4 9. Qf2 Bf5 10. d3 Nec6 11. Re1+ Be7 12. Nf3 O-O 13. Rg1 Nxf3 14. gxf3
Bf6 15. Qg3 g6 16. Re2 Nd4 17. Re5 Bxe5 18. fxe5 Be6 19. h4 Nf5 20. Qg2 Qxh4 21.
Nd1 Rac8 22. Be2 b5 23. Kb1 Qf4 24. Nf2 Ne3 25. Qh1 c4 26. Ng4 Bxg4 27. fxg4 Qf2
28. Re1 cxb3 29. e6 bxc2+ 30. Kc1 Qf4 31. Qf3 fxe6 32. Qxf4 Rxf4 33. Be5 Rb4 34.
Bb2 Nd1 35. Ba3 Ra4 36. Bd6 Nc3 37. Bf3 Nxa2+ 38. Kb2 c1=Q+ 39. Rxc1 Nxc1 0-1

[Event "Reykjavik Open 2026"]
[Site "Reykjavik ISL"]
[Date "2026.03.26"]
[Round "2.44"]
[White "Sklokin, Sergey"]
[Black "Heyl, Thomas"]
[Result "1-0"]
[WhiteTitle "FM"]
[WhiteElo "2414"]
[BlackElo "1926"]
[WhiteFideId "55730230"]
[BlackFideId "4623371"]
[EventDate "2026.03.25"]

1. e4 c5 2. Nf3 Nc6 3. d4 cxd4 4. Nxd4 e5 5. Nb5 d6 6. c4 Be7 7. Be3 a6 8. N5c3
Nf6 9. Be2 O-O 10. O-O Be6 11. Na3 Rc8 12. f3 Nh5 13. Nd5 Bxd5 14. cxd5 Nd4 15.
Bxd4 exd4 16. f4 Nf6 17. Qxd4 b5 18. Kh1 Re8 19. Rad1 Bf8 20. e5 Nd7 21. Bg4
dxe5 22. fxe5 Bxa3 23. e6 fxe6 24. Bxe6+ Kh8 25. Rf7 Qg5 26. bxa3 Rc2 27. Rf2
Rxf2 28. Qxf2 Rf8 29. Qd4 Qf6 30. Qxf6 Nxf6 31. d6 Ne4 32. Kg1 Nc3 33. Re1 g6
34. d7 Kg7 35. Bg4 1-0

[Event "Reykjavik Open 2026"]
[Site "Reykjavik ISL"]
[Date "2026.03.26"]
[Round "2.45"]
[White "Braak, Richard"]
[Black "Narva, Mai"]
[Result "0-1"]
[BlackTitle "IM"]
[WhiteElo "1955"]
[BlackElo "2413"]
[WhiteFideId "24626422"]
[BlackFideId "4500512"]
[EventDate "2026.03.25"]

1. d4 Nf6 2. c4 e6 3. Nc3 Bb4 4. Qc2 d5 5. cxd5 exd5 6. Bg5 h6 7. Bh4 O-O 8. e3
c5 9. dxc5 Be6 10. Nf3 Nbd7 11. Bd3 Rc8 12. O-O Rxc5 13. Rac1 Bxc3 14. bxc3 Qe7
15. Qa4 a5 16. Qa3 Rfc8 17. Nd4 Ne5 18. Be2 Ng6 19. Bg3 Ne4 20. Qb2 Rxc3 21.
Rxc3 Nxc3 22. Bd3 Nf8 23. Nxe6 Nxe6 24. Rc1 Qb4 25. Qxb4 Ne2+ 26. Bxe2 Rxc1+ 27.
Bf1 axb4 28. Bd6 Nc5 29. g3 b6 30. Kg2 Rc2 31. Bc7 Ne4 32. Bxb6 Rxf2+ 33. Kg1
Rxa2 0-1

[Event "Reykjavik Open 2026"]
[Site "Reykjavik ISL"]
[Date "2026.03.26"]
[Round "2.46"]
[White "Manish Anto, Cristiano F"]
[Black "Broihier, Ian"]
[Result "1-0"]
[WhiteTitle "IM"]
[WhiteElo "2384"]
[BlackElo "1922"]
[WhiteFideId "25095927"]
[BlackFideId "39902773"]
[EventDate "2026.03.25"]

1. e4 e5 2. Nf3 Nc6 3. Bb5 a6 4. Ba4 Nf6 5. O-O Bc5 6. c3 O-O 7. d4 Ba7 8. Re1
b5 9. Bb3 d6 10. h3 h6 11. a4 Bb7 12. Be3 exd4 13. cxd4 Nxe4 14. d5 Nxf2 15.
Bxf2 Bxf2+ 16. Kxf2 Ne7 17. axb5 axb5 18. Rxa8 Bxa8 19. Qd3 c5 20. dxc6 Nxc6 21.
Nc3 Qf6 22. Kg1 Nb4 23. Qd4 Qxd4+ 24. Nxd4 Nd3 25. Re2 b4 26. Ncb5 Nf4 27. Rf2
g5 28. Nxd6 Bxg2 29. Rxf4 Bxh3 30. Rf3 Bg4 31. Rf2 Bh5 32. N4f5 Kh7 33. Rh2 Kg6
34. Bc2 Rd8 35. Ng3+ f5 36. Ngxf5 g4 37. Ng3+ 1-0

[Event "Reykjavik Open 2026"]
[Site "Reykjavik ISL"]
[Date "2026.03.26"]
[Round "2.47"]
[White "Heidarsson, Mikael Bjarki"]
[Black "Kurmann, Oliver"]
[Result "0-1"]
[BlackTitle "IM"]
[WhiteElo "1925"]
[BlackElo "2382"]
[WhiteFideId "2317532"]
[BlackFideId "1308173"]
[EventDate "2026.03.25"]

1. d4 Nf6 2. Nf3 d5 3. Bf4 c5 4. c3 Nc6 5. e3 Qb6 6. Qb3 c4 7. Qxb6 axb6 8. Na3
Bf5 9. Be2 h6 10. h4 Ra5 11. Bc7 e6 12. Bxb6 Bxa3 13. bxa3 Rxa3 14. Bc5 Rxc3 15.
Nd2 Kd7 16. Nb1 Rc1+ 0-1

[Event "Reykjavik Open 2026"]
[Site "Reykjavik ISL"]
[Date "2026.03.26"]
[Round "2.50"]
[White "T'sas, Jan"]
[Black "Kukelko, Alexey"]
[Result "0-1"]
[BlackTitle "FM"]
[WhiteElo "1906"]
[BlackElo "2304"]
[WhiteFideId "204900"]
[BlackFideId "14153084"]
[EventDate "2026.03.25"]

1. e4 c5 2. Nf3 a6 3. c4 e6 4. Nc3 b6 5. d4 cxd4 6. Nxd4 Bb7 7. Be2 d6 8. O-O
Nf6 9. Bf3 Qc7 10. Qe2 Nbd7 11. Bd2 Ne5 12. b3 Be7 13. Rac1 O-O 14. Rfd1 Rfe8
15. Bg5 h6 16. Be3 Rac8 17. h3 Qb8 18. a4 Qa8 19. Nc2 Nxe4 20. Nxe4 Bxe4 21.
Bxe4 Qxe4 22. Qd2 Qb7 23. f4 Nd7 24. Nd4 Nc5 25. Rb1 Ne4 26. Qd3 d5 27. Ne2 Red8
28. Qc2 b5 29. axb5 axb5 30. Qa2 b4 31. Rbc1 dxc4 32. Rxd8+ Rxd8 33. Rxc4 Rd1+
34. Kh2 Rd3 35. Bd4 Nd2 36. Nc1 Nf1+ 37. Kg1 Rd2 0-1

[Event "Reykjavik Open 2026"]
[Site "Reykjavik ISL"]
[Date "2026.03.26"]
[Round "3.1"]
[White "Tabatabaei, M. Amin"]
[Black "Tsolakidou, Stavroula"]
[Result "1-0"]
[WhiteTitle "GM"]
[BlackTitle "IM"]
[WhiteElo "2700"]
[BlackElo "2479"]
[WhiteFideId "12521213"]
[BlackFideId "4264312"]
[EventDate "2026.03.25"]

1. d4 Nf6 2. c4 g6 3. Nc3 Bg7 4. e4 d6 5. Be2 O-O 6. h3 Nc6 7. d5 Ne5 8. Bg5 c6
9. Nf3 Nxf3+ 10. Bxf3 Nd7 11. Qd2 a5 12. O-O a4 13. Rfe1 Re8 14. Rac1 Qa5 15.
Red1 Ne5 16. Be2 Qb4 17. Qc2 Nxc4 18. a3 Qc5 19. Nxa4 Qa5 20. Qxc4 Qxa4 21. Qxa4
Rxa4 22. dxc6 bxc6 23. Rxc6 Rxe4 24. Bd3 Re5 25. Be3 Ra5 26. Rdc1 Ra8 27. Rb6
Be6 28. a4 d5 29. Bb5 Red8 30. b4 d4 31. Bg5 d3 32. Rd1 Bb3 33. Rxd3 Rxd3 34.
Bxd3 f6 35. Be3 Rxa4 36. Rb8+ Kf7 37. Bb5 Ra1+ 38. Kh2 f5 39. Be8+ Ke6 40. Rb6+
Ke5 41. b5 Ke4 42. Bc6+ Bd5 43. Rb7 Be5+ 44. g3 Bd6 45. Bxd5+ Kxd5 46. h4 Rb1
47. Kg2 Rb3 48. b6 e5 49. Rd7 Ke6 50. Rxh7 f4 51. gxf4 exf4 52. Bd4 Rb4 53. Bc3
Rxb6 54. Rg7 Kf5 55. Rf7+ Ke4 56. Bg7 Rb3 57. Rf6 f3+ 58. Kh3 Bc5 59. Kg3 Rb7
60. Rxg6 Bd6+ 61. Kg4 Rb1 62. Re6+ Kd5 63. Kf5 Rf1 64. Bd4 Kxd4 65. Rxd6+ Kc3
66. Kf4 Rxf2 67. Kg3 Rf1 68. h5 Kc4 69. h6 Rh1 70. Kxf3 Kc5 71. Ra6 Kd5 72. Kf4
Rh2 73. Kf5 Rf2+ 74. Kg6 Rg2+ 75. Kf7 1-0

[Event "Reykjavik Open 2026"]
[Site "Reykjavik ISL"]
[Date "2026.03.26"]
[Round "3.2"]
[White "Sochacki, Christophe"]
[Black "Deac, Bogdan-Daniel"]
[Result "1/2-1/2"]
[WhiteTitle "GM"]
[BlackTitle "GM"]
[WhiteElo "2459"]
[BlackElo "2655"]
[WhiteFideId "662569"]
[BlackFideId "1226380"]
[EventDate "2026.03.25"]

1. e4 e5 2. Nf3 Nc6 3. Nc3 Nf6 4. d4 exd4 5. Nxd4 Bb4 6. Nxc6 bxc6 7. Bd3 d6 8.
O-O Ng4 9. Na4 O-O 10. a3 Ba5 11. b4 Bb6 12. Nxb6 axb6 13. Bb2 Qh4 14. h3 Ne5
15. Qd2 Nxd3 16. cxd3 c5 17. Qc3 f6 18. Qc4+ Kh8 19. Qd5 Bd7 20. d4 cxd4 21.
Bxd4 Qf4 22. Qb7 Rfc8 23. Rfc1 Rab8 24. Qd5 c5 25. Be3 Qe5 26. Qxe5 dxe5 27.
bxc5 bxc5 28. Rxc5 Rxc5 29. Bxc5 Ba4 30. Ra2 h5 31. f3 Rc8 32. Bb4 Rc2 33. Rxc2
Bxc2 34. h4 Kg8 35. Kf2 Kf7 36. Ke3 Ke6 37. g3 1/2-1/2

[Event "Reykjavik Open 2026"]
[Site "Reykjavik ISL"]
[Date "2026.03.26"]
[Round "3.3"]
[White "Tari, Aryan"]
[Black "Batsiashvili, Nino"]
[Result "1-0"]
[WhiteTitle "GM"]
[BlackTitle "GM"]
[WhiteElo "2642"]
[BlackElo "2472"]
[WhiteFideId "1510045"]
[BlackFideId "13602993"]
[EventDate "2026.03.25"]

1. e4 e5 2. Nf3 Nc6 3. Bb5 a6 4. Ba4 Nf6 5. O-O Be7 6. Bxc6 dxc6 7. Re1 Qd6 8.
Na3 Be6 9. Qe2 Nd7 10. Nc4 Bxc4 11. Qxc4 c5 12. d3 Rg8 13. a4 h5 14. a5 g5 15.
Nd2 h4 16. Nf1 h3 17. g4 Qf6 18. Re3 Rh8 19. Rg3 O-O-O 20. Ne3 Nf8 21. Nd5 Qd6
22. b4 cxb4 23. Bd2 Kb8 24. Bxb4 c5 25. Bc3 Rd7 26. Nb6 f6 27. Nxd7+ Qxd7 28.
Rb1 Ka8 29. f3 Ne6 30. Kf2 Nd4 31. Bd2 Nb5 32. Rb3 Qc7 33. Rg1 Rd8 34. Rxb5 axb5
35. Qxb5 c4 36. Be3 cxd3 37. cxd3 Qc2+ 38. Kg3 Qxd3 39. Qb6 Qa6 40. Rc1 Qxb6 41.
Bxb6 Rh8 42. Rd1 Kb8 43. Rd7 Re8 44. Kxh3 Kc8 45. Rc7+ Kb8 46. Kg3 Bb4 47. Rf7
Bd2 48. Rd7 Bf4+ 49. Kg2 Kc8 50. Rd6 Rf8 51. Rd1 Re8 52. h3 Rg8 53. Kf2 Rh8 54.
Ke2 Rf8 55. Rd5 Re8 56. Kd3 Rh8 57. Kc2 Re8 58. Kb3 Rh8 59. Rd3 Re8 60. Kc4 Bc1
61. Rc3 Bb2 62. Rc2 Ba3 63. Kb3+ 1-0

[Event "Reykjavik Open 2026"]
[Site "Reykjavik ISL"]
[Date "2026.03.26"]
[Round "3.4"]
[White "Siva, Mahadevan"]
[Black "Ivanchuk, Vasyl"]
[Result "1/2-1/2"]
[WhiteTitle "IM"]
[BlackTitle "GM"]
[WhiteElo "2454"]
[BlackElo "2624"]
[WhiteFideId "25043153"]
[BlackFideId "14100010"]
[EventDate "2026.03.25"]

1. e4 e5 2. Nf3 Nc6 3. Bc4 Nf6 4. d4 exd4 5. e5 Ne4 6. Qe2 Nc5 7. O-O Ne6 8.
Bxe6 dxe6 9. Rd1 Bd7 10. c3 h6 11. Qe4 f5 12. exf6 Qxf6 13. Bf4 O-O-O 14. cxd4
Nb4 15. Ne5 Bc6 16. Nxc6 Nxc6 17. Nc3 Bd6 18. Be3 Rhf8 19. Rac1 Qf5 20. g3 Ne7
21. Qg2 Nd5 22. Ne4 Be7 23. Bd2 Rf7 24. Re1 Bf6 25. Bc3 g5 26. Nc5 Re7 27. Re4
b6 28. Nd3 a5 29. Bd2 Bg7 30. b4 axb4 31. Nxb4 Rf7 32. Nc6 Rdf8 33. Be1 Kd7 34.
Ne5+ Bxe5 35. Rxe5 Qf3 36. Qf1 Rc8 37. a4 Rf5 38. a5 Rxe5 39. dxe5 Qa3 40. Qb5+
c6 41. Qb1 bxa5 42. Qh7+ Qe7 43. Qc2 Qf7 44. Bxa5 Ke8 45. Qa4 Qf5 46. Rxc6 Rxc6
47. Qxc6+ Kf7 48. Qd7+ Kg6 49. Qe8+ 1/2-1/2

[Event "Reykjavik Open 2026"]
[Site "Reykjavik ISL"]
[Date "2026.03.26"]
[Round "3.5"]
[White "Stefansson, Vignir Vatnar"]
[Black "Manish Anto, Cristiano F"]
[Result "1/2-1/2"]
[WhiteTitle "GM"]
[BlackTitle "IM"]
[WhiteElo "2511"]
[BlackElo "2384"]
[WhiteFideId "2308649"]
[BlackFideId "25095927"]
[EventDate "2026.03.25"]

1. d4 Nf6 2. c4 e6 3. Nf3 d5 4. Nc3 c6 5. Qd3 Nbd7 6. Bf4 Be7 7. e4 dxe4 8. Nxe4
Nxe4 9. Qxe4 Bb4+ 10. Nd2 O-O 11. a3 Nf6 12. Qe3 Ng4 13. Qg3 e5 14. dxe5 Bc5 15.
Ne4 Bd4 16. Rd1 f5 17. Be3 Qa5+ 18. b4 Qxe5 19. Bxd4 Qxe4+ 20. Be2 Re8 21. Qf3
Qxf3 22. gxf3 Ne5 23. Kd2 f4 24. Rde1 Bf5 25. Kc3 a5 26. Bd1 axb4+ 27. axb4 Nd7
28. Rxe8+ Rxe8 29. Rg1 g6 30. Bb3 Kf8 31. Ra1 b6 32. c5 bxc5 33. bxc5 Be6 34.
Ra7 Bxb3 35. Kxb3 Ne5 36. Rxh7 Nxf3 37. Bc3 Re2 38. Rc7 Re6 39. Rh7 1/2-1/2

[Event "Reykjavik Open 2026"]
[Site "Reykjavik ISL"]
[Date "2026.03.26"]
[Round "3.6"]
[White "Zhou, Jianchao"]
[Black "Tutisani, Noe"]
[Result "1-0"]
[WhiteTitle "GM"]
[BlackTitle "IM"]
[WhiteElo "2584"]
[BlackElo "2454"]
[WhiteFideId "8603537"]
[BlackFideId "13602853"]
[EventDate "2026.03.25"]

1. c4 e5 2. Nc3 Nc6 3. Nf3 Nf6 4. d3 Bb4 5. Bd2 O-O 6. e3 Re8 7. Be2 a5 8. O-O
d6 9. a3 Bc5 10. Ng5 Rf8 11. Nge4 Nxe4 12. dxe4 f5 13. exf5 Bxf5 14. b3 Ne7 15.
Na4 Ba7 16. Bxa5 Bxe3 17. fxe3 Rxa5 18. Nc3 Ra8 19. b4 Qd7 20. Qd2 Be6 21. Rxf8+
Rxf8 22. Nd5 c6 23. Nxe7+ Qxe7 24. e4 Qh4 25. Qe3 Qf4 26. Qxf4 Rxf4 27. Bd3 d5
28. cxd5 cxd5 29. g3 Rf8 30. exd5 Bxd5 31. Rd1 Bb3 32. Re1 Rd8 33. Bf1 Rd1 34.
Rxd1 Bxd1 35. Bb5 Kf7 36. Kf2 Ke6 37. Ke3 Kd6 38. a4 h5 39. a5 h4 40. gxh4 Bg4
41. Bd3 Bc8 42. Be4 Kc7 43. Bd5 Kd6 44. Bf3 Kc7 45. Ke4 Kd6 46. Kd3 Kc7 47. b5
Kd6 48. Kc4 Be6+ 49. Kb4 Bc8 50. Be4 1-0

[Event "Reykjavik Open 2026"]
[Site "Reykjavik ISL"]
[Date "2026.03.26"]
[Round "3.7"]
[White "Makkar, Rajat"]
[Black "Warmerdam, Max"]
[Result "1-0"]
[WhiteTitle "IM"]
[BlackTitle "GM"]
[WhiteElo "2418"]
[BlackElo "2575"]
[WhiteFideId "36016810"]
[BlackFideId "1048104"]
[EventDate "2026.03.25"]

1. d4 Nf6 2. c4 g6 3. g3 c5 4. dxc5 Qa5+ 5. Nd2 Qxc5 6. Bg2 Bg7 7. a3 Qc7 8. Rb1
O-O 9. b4 a5 10. Bb2 axb4 11. axb4 d6 12. Nh3 Nc6 13. Nf4 e5 14. Nd3 Bf5 15. e4
Bg4 16. f3 Be6 17. O-O Nd4 18. Bxd4 exd4 19. c5 Ra2 20. Nb3 dxc5 21. Nbxc5 Bc4
22. Rc1 b5 23. Rf2 Rxf2 24. Nxf2 Nd7 25. Bf1 Nb6 26. f4 Rd8 27. e5 Bf8 28. Nfe4
Be7 29. Bd3 Qc6 30. Qf3 Qd5 31. Nf6+ Bxf6 32. Be4 Be7 33. Bxd5 Nxd5 34. Nb7 Rd7
35. Na5 Ne3 36. Nxc4 bxc4 37. b5 Rd8 38. b6 c3 39. b7 c2 40. Qe4 Bc5 41. Qd3 Kg7
42. Kf2 Ba7 43. Kf3 Rb8 44. Qa6 d3 45. Qxd3 Rxb7 46. Rxc2 Nxc2 47. Qxc2 Bd4 48.
Qc4 Bb2 49. Qc6 Rb3+ 50. Kg4 Re3 51. Qf6+ Kg8 52. Qb6 Re2 53. h4 Ba3 54. Qd8+
Bf8 55. h5 Rh2 56. hxg6 hxg6 57. Qe8 Re2 58. Kf3 Re1 59. g4 Rf1+ 60. Ke3 Rg1 61.
Qc8 Rb1 62. f5 Re1+ 63. Kf4 gxf5 64. gxf5 Rf1+ 65. Kg5 Rg1+ 66. Kf6 Rh1 67. Qe8
Rh6+ 68. Kg5 Rb6 69. e6 fxe6 70. Qg6+ Bg7 71. f6 Rb5+ 72. Kh4 Rb4+ 73. Kh3 Rb3+
74. Kh2 Rb2+ 75. Kh1 Rb7 76. fxg7 Rxg7 77. Qxe6+ Rf7 78. Kg2 Kg7 79. Kg3 Rf6 80.
Qe5 Kg6 81. Kg4 Ra6 82. Qf5+ Kh6 83. Qg5+ Kh7 84. Kh5 Ra7 85. Qg6+ Kh8 86. Kh6
Rf7 87. Qc6 Rh7+ 88. Kg6 Rg7+ 89. Kf6 Kg8 90. Qa8+ Kh7 91. Qe8 Rc7 92. Qh5+ Kg8
93. Qd5+ Kh7 94. Qh1+ Kg8 95. Qg2+ 1-0

[Event "Reykjavik Open 2026"]
[Site "Reykjavik ISL"]
[Date "2026.03.26"]
[Round "3.8"]
[White "Livaic, Leon"]
[Black "Akhvlediani, Irakli"]
[Result "1/2-1/2"]
[WhiteTitle "GM"]
[BlackTitle "IM"]
[WhiteElo "2571"]
[BlackElo "2429"]
[WhiteFideId "14531534"]
[BlackFideId "13601938"]
[EventDate "2026.03.25"]

1. b3 Nf6 2. Bb2 g6 3. Nf3 Bg7 4. g3 b6 5. Bg2 Bb7 6. c4 c5 7. O-O O-O 8. d4
cxd4 9. Qxd4 d6 10. Nc3 Nbd7 11. Rfd1 a6 12. Qd2 Rc8 13. Nd4 Bxg2 14. Kxg2 Qc7
15. e4 Qb7 16. f3 Rfd8 17. Qe3 e6 18. g4 Ne5 19. Rd2 Nc6 20. Nxc6 Qxc6 21. Rad1
b5 22. cxb5 axb5 23. Ne2 Ne8 24. Bxg7 Kxg7 25. h4 Qc5 26. Nd4 e5 27. Nc2 Qxe3
28. Nxe3 Rc6 29. Nd5 Nc7 30. Nxc7 Rxc7 31. Rxd6 Rc2+ 32. Kg3 Rxd6 33. Rxd6 Rxa2
34. Rb6 h5 35. Rxb5 Kf6 36. Rb6+ Ke7 37. gxh5 gxh5 38. Rh6 Rb2 39. Rxh5 Ke6 40.
Rg5 Rxb3 41. h5 Rb1 42. Kh2 Rb2+ 43. Kh3 Rb1 44. Rg2 Rh1+ 45. Kg4 Kf6 46. Rg3
Rf1 47. h6 Rh1 48. Rh3 Rxh3 49. Kxh3 Kg6 50. Kg4 f6 51. f4 exf4 52. Kxf4 Kxh6
53. e5 fxe5+ 54. Kxe5 1/2-1/2

[Event "Reykjavik Open 2026"]
[Site "Reykjavik ISL"]
[Date "2026.03.26"]
[Round "3.10"]
[White "Griffith, Kyron"]
[Black "Can, Emre"]
[Result "1/2-1/2"]
[WhiteTitle "IM"]
[BlackTitle "GM"]
[WhiteElo "2415"]
[BlackElo "2541"]
[WhiteFideId "2046318"]
[BlackFideId "6302181"]
[EventDate "2026.03.25"]

1. e4 c5 2. Nf3 d6 3. d4 cxd4 4. Nxd4 Nf6 5. Nc3 a6 6. Be2 e5 7. Nb3 Be7 8. Be3
Be6 9. f4 exf4 10. Bxf4 Nc6 11. Qd2 d5 12. O-O-O dxe4 13. Qe3 Qc8 14. Bd6 O-O
15. Nc5 Bf5 16. Rhf1 Rd8 17. Bxe7 Rxd1+ 18. Bxd1 Nxe7 19. Re1 Ned5 20. Nxd5 Nxd5
21. Qd4 Nf6 22. Rf1 Bg6 23. Rxf6 gxf6 24. Nd7 Qd8 25. Nxf6+ Kf8 26. Nd5 f6 27.
Qb4+ Kg7 28. Qxb7+ Kh8 29. Qc6 Rc8 30. Qxa6 Rc5 31. Ne3 Qd4 32. Qe2 Ra5 33. a3
Ra8 34. Qd2 Qb6 35. Qc3 Kg7 36. h4 h5 37. Nd5 Qd6 38. Qc7+ Qxc7 39. Nxc7 Rc8 40.
Ne6+ Kf7 41. Nf4 f5 42. a4 Kf6 43. Nd5+ Ke6 44. Nf4+ Kf6 45. Nd5+ Ke6 46. Nf4+ 1/2-1/2

[Event "Reykjavik Open 2026"]
[Site "Reykjavik ISL"]
[Date "2026.03.26"]
[Round "3.11"]
[White "Cornette, Matthieu"]
[Black "Sklokin, Sergey"]
[Result "1/2-1/2"]
[WhiteTitle "GM"]
[BlackTitle "FM"]
[WhiteElo "2535"]
[BlackElo "2414"]
[WhiteFideId "620084"]
[BlackFideId "55730230"]
[EventDate "2026.03.25"]

1. e4 c6 2. d4 d5 3. e5 Bf5 4. Bd3 Bxd3 5. Qxd3 e6 6. Ne2 Qa5+ 7. c3 Qa6 8. Qd1
Ne7 9. O-O Nd7 10. a4 c5 11. Na3 Nf5 12. Nb5 Qc6 13. dxc5 Bxc5 14. g4 Nh4 15.
Ned4 Qc8 16. b4 a6 17. bxc5 axb5 18. Nxb5 O-O 19. f4 Qxc5+ 20. Qd4 Rfc8 21. Be3
Qc4 22. Qxc4 Rxc4 1/2-1/2

[Event "Reykjavik Open 2026"]
[Site "Reykjavik ISL"]
[Date "2026.03.26"]
[Round "3.12"]
[White "Narva, Mai"]
[Black "Gupta, Abhijeet"]
[Result "1/2-1/2"]
[WhiteTitle "IM"]
[BlackTitle "GM"]
[WhiteElo "2413"]
[BlackElo "2506"]
[WhiteFideId "4500512"]
[BlackFideId "5010608"]
[EventDate "2026.03.25"]

1. e4 c5 2. Nf3 d6 3. d4 cxd4 4. Nxd4 Nf6 5. Nc3 Nc6 6. Bc4 e6 7. Be3 a6 8. Qe2
Bd7 9. Bb3 Na5 10. f4 Qc7 11. O-O Be7 12. Kh1 b5 13. Bg1 b4 14. Na4 Nxb3 15.
axb3 O-O 16. c4 bxc3 17. bxc3 d5 18. e5 Ne4 19. Rfc1 Qb7 20. c4 Bb4 21. cxd5
exd5 22. Nf3 Rac8 23. Nb6 Bb5 24. Qa2 Rc6 25. Rxc6 Qxc6 26. Be3 Bc5 27. Bxc5
Qxc5 28. Na4 Qe3 29. Re1 Qxf4 30. Nb6 Nc3 31. Qa5 d4 32. Qb4 Rd8 33. Qe7 Re8 34.
Qb4 Qh6 35. Qxd4 Ne2 36. Qd6 Qe3 37. Nd5 Qf2 38. Ne7+ Kh8 39. e6 fxe6 40. Qxe6
Nf4 41. Qg4 Rf8 42. Qg3 Qxg3 43. hxg3 Ne2 44. g4 Rf6 45. g5 Re6 46. Nd5 Bc6 47.
Nc7 Re7 48. Rd1 Kg8 49. Nxa6 Kf7 50. Nc5 Nf4 51. Rd4 Ne2 52. Rd6 Ba8 53. b4 Ng3+
54. Kh2 Nf5 55. Rd7 Rxd7 56. Ne5+ Ke7 57. Nexd7 Nd4 58. Kg3 Kd6 59. Nb6 Bc6 60.
Kf4 Bxg2 61. Nc4+ Ke7 62. Ne3 Bh3 63. Ke4 Nb5 64. Ke5 Kf7 65. Nd5 Bf1 66. Nf4
Na7 67. Kd5 Bb5 68. Ne4 Bc6+ 69. Ke5 1/2-1/2